A dictionary of oil and gas industry terms
Salvato in:
| Autore principale: | |
|---|---|
| Natura: | Libro |
| Lingua: | inglese |
| Pubblicazione: |
Oxford University Press
2019
|
| Tags: |
Aggiungi Tag
Nessun Tag, puoi essere il primo ad aggiungerne!!
|
MARC
| LEADER | 00000nam a22000007a 4500 | ||
|---|---|---|---|
| 008 | 240528b |||||||| |||| 00| 0 eng d | ||
| 020 | |a 9780198833895 | ||
| 100 | |a ROBERTS, Peter | ||
| 245 | |a A dictionary of oil and gas industry terms |c /Peter Roberts |g vi, 292;ill | ||
| 260 | |b Oxford University Press |c 2019 |h Oxon, UK. |i 701908 |i 701909 |l TN856.R54 |m Petroleum industry and trade--Dictionaries. |m Gas industry--Dictionaries |m Petroleum law and legislation--Dictionaries. |m Gas--Law and legislation--Dictionaries. | ||
| 942 | |a lcc |c BK |e Johnson |f 28/05/24 | ||
| 952 | |0 0 |1 0 |2 lcc |4 0 |6 TN0856 R54 |7 0 |9 5175 |a RF |b HOL |c QZ |d 2024-05-28 |l 0 |o TN856.R54 |p 2024-0421 |r 2024-05-28 00:00:00 |t 701909 |w 2024-05-28 |y BK | ||
| 952 | |0 0 |1 0 |2 lcc |4 0 |6 TN0856 R54 |7 0 |9 5176 |a RF |b HOL |c QZ |d 2024-05-28 |l 0 |o TN856.R54 |p 2024-0422 |r 2024-05-28 00:00:00 |t 701909 |w 2024-05-28 |y BK | ||
| 999 | |c 2570 |d 2570 | ||